000
00312nam a2200133Ia 4500
005
20251222155103.0
008
251222s9999||||xx |||||||||||||| ||spa||
082
_a
AN.02
100
_a
HERSKOVITS Melville.
245
0
_a
El Hombre y sus Obras
250
_a
7ma. ed.
264
_b
Fondo de Cultura
942
_c
LIB
999
_c
37750
_d
37750